| 000 | 01578cam a22002054a 4500 | ||
|---|---|---|---|
| 005 | 20250605164331.0 | ||
| 008 | 250528s ||||||||||||||||||||||||d | ||
| 035 | _a23230 | ||
| 020 | _a9789604616725 | ||
| 040 |
_aGR-AtMCL _bgre _dGR-AtMCL _eAACR2 |
||
| 245 | 1 | _aΕισαγωγή στη Στατιστική με την R | |
| 260 |
_bΚλειδάριθμος, _c2014 |
||
| 300 | _a576 | ||
| 520 | _aΟ συγγραφέας αυτού του βιβλίου επιτυγχάνει τον διττό του στόχο ακολουθώντας μια παρουσίαση εύκολη για τον αναγνώστη, που συνδυάζει κώδικα της R, μαθηματικούς τύπους και γραφήματα. Πρόλογος, Επισκόπηση της R, Μονομεταβλητά Δεδομένα, Διμεταβλητά Δεδομένα, Πολυμεταβλητά Δεδομένα, Πολυμεταβλητά Γραφικά, Πληθυσμοί, Στατιστική Συμπερασματολογία, Διαστήματα Εμπιστοσύνης, Έλεγχοι Σημαντικότητας, Καλή Προσαρμογή, Γραμμική Παλινδρόμηση, Ανάλυση Διασποράς, Επεκτάσεις του Γραμμικού Μοντέλου, Παράρτημα: Προγραμματισμός, Βιβλιογραφία, Γλωσσάρι, Ευρετήριο. | ||
| 700 | 1 |
_aVerzani John _98813 |
|
| 700 | 1 |
_aΠαπαναστασίου Δημήτριος _98814 |
|
| 942 | _cBK | ||
| 999 |
_c8259 _d8259 |
||